Pháp luật về thừa kế và thực tiễn giải quyết tranh chấp
Giới thiệu một số vấn đề chung về thừa kế, thừa kế theo di chúc, thừa kế theo pháp luật, thanh toán và phân chia di sản, thực trạng tranh chấp và giải quyết tranh chấp về thừa kế
Spremljeno u:
| Glavni autor: | |
|---|---|
| Daljnji autori: | |
| Format: | Knjiga |
| Jezik: | Undetermined |
| Izdano: |
H.
Tư pháp
2017
|
| Teme: | |
| Online pristup: | http://lrc.tdmu.edu.vn/opac/search/detail.asp?aID=2&ID=30832 |
| Oznake: |
Dodaj oznaku
Bez oznaka, Budi prvi tko označuje ovaj zapis!
|
| Thư viện lưu trữ: | Trung tâm Học liệu Trường Đại học Thủ Dầu Một |
|---|
| LEADER | 01079nam a2200217Ia 4500 | ||
|---|---|---|---|
| 001 | TDMU_30832 | ||
| 008 | 210410s9999 xx 000 0 und d | ||
| 082 | |a 947.0862092 | ||
| 090 | |b PH104 | ||
| 100 | |a Phạm, Viết Tuyết | ||
| 245 | 0 | |a Pháp luật về thừa kế và thực tiễn giải quyết tranh chấp | |
| 245 | 0 | |c Phạm Viết Tuyết, Lê Kim Giang | |
| 260 | |a H. | ||
| 260 | |b Tư pháp | ||
| 260 | |c 2017 | ||
| 300 | |a 463tr. | ||
| 520 | |a Giới thiệu một số vấn đề chung về thừa kế, thừa kế theo di chúc, thừa kế theo pháp luật, thanh toán và phân chia di sản, thực trạng tranh chấp và giải quyết tranh chấp về thừa kế | ||
| 650 | |a Di sản và thừa kế |x Luật và pháp chế |z Việt Nam; Luật dân sự |z Việt Nam | ||
| 700 | |a Lê, Kim Giang | ||
| 856 | |u http://lrc.tdmu.edu.vn/opac/search/detail.asp?aID=2&ID=30832 | ||
| 980 | |a Trung tâm Học liệu Trường Đại học Thủ Dầu Một | ||